000 00651nam a2200181 i 4500
001 183859
003 ES-MaACL
005 20230906222004.0
007 t|
008 141030s1859 sp ||||1| spa d
080 _a336.77:061.5(460.27 M.).055.5
110 2 _aCompañia General de Crédito en España.
_93120
245 1 0 _aMemoria leída por el Consejo de Administración de la Compañía General de Crédito en España en la Junta General de accionistas...1859.
260 _aMadrid :
_b[s.n.],
_c1859.
610 2 4 _aCompañía General de Crédito en España-
_vMemorias.
_9143765
852 4 _aES-MaACL
_jT-76-F-4
852 4 _aES-MaACL
_jT-79-F-4
999 _c183859
_d183859